[Event "XtraCon-Skakligaen"]
[Site "Denmark"]
[Date "2015.02.15"]
[Round "7.3"]
[White "Helledie, Anders"]
[Black "Rasmussen, Casper Dahl"]
[Result "1-0"]
[WhiteElo "2266"]
[BlackElo "2325"]
[PlyCount "69"]
[EventDate "2014.10.25"]
[EventType "team-tourn"]
[EventRounds "9"]
[EventCountry "DEN"]
[WhiteTeam "Jetsmark"]
[BlackTeam "Obro"]
[WhiteTeamCountry "DEN"]
[BlackTeamCountry "DEN"]

1. e4 e5 2. Bc4 Nf6 3. d3 Nc6 4. Nf3 Bc5 5. c3 O-O 6. Bb3 a6 7. h3 d6 8. Bg5
Be6 9. Bc2 d5 10. Qe2 dxe4 11. dxe4 b5 12. Nbd2 Qe7 13. b4 Bd6 14. a4 Na7 15.
O-O c5 16. bxc5 Bxc5 17. Nxe5 Bxh3 18. Nef3 Bg4 19. e5 Qe6 20. Qd3 Rfd8 21. Nd4
Qxe5 22. Bxf6 Qxf6 23. Qxh7+ Kf8 24. Ne4 Qe5 25. Qh8+ Ke7 26. Qh4+ Kf8 27. Qxg4
Bxd4 28. cxd4 Rxd4 29. Qh3 g6 30. f4 Qg7 31. f5 gxf5 32. Qxf5 Rc8 33. Bb3 Rc7
34. Ng5 Rd6 35. Rad1 1-0

[Event "XtraCon-Skakligaen"]
[Site "Denmark"]
[Date "2015.02.15"]
[Round "7.4"]
[White "Larsen, Karsten"]
[Black "Christensen, Stefan"]
[Result "1/2-1/2"]
[WhiteElo "2247"]
[BlackElo "2258"]
[PlyCount "39"]
[EventDate "2014.10.25"]
[EventType "team-tourn"]
[EventRounds "9"]
[EventCountry "DEN"]
[WhiteTeam "Obro"]
[BlackTeam "Jetsmark"]
[WhiteTeamCountry "DEN"]
[BlackTeamCountry "DEN"]

1. Nf3 Nf6 2. g3 d5 3. Bg2 c6 4. O-O h6 5. b3 Bf5 6. Bb2 e6 7. d3 Nbd7 8. c4
Be7 9. Nbd2 O-O 10. Qc2 a5 11. a3 Qb6 12. Bc3 c5 13. cxd5 exd5 14. e4 Be6 15.
a4 Qc7 16. Rfe1 Rfd8 17. Rac1 Rac8 18. Qb2 Bf8 19. h3 b6 20. Qa1 1/2-1/2

[Event "XtraCon-Skakligaen"]
[Site "Denmark"]
[Date "2015.02.15"]
[Round "7.5"]
[White "Rosenkilde, Alexander"]
[Black "Kaaber Hansen, Jacob"]
[Result "1/2-1/2"]
[WhiteElo "2211"]
[BlackElo "2262"]
[PlyCount "202"]
[EventDate "2014.10.25"]
[EventType "team-tourn"]
[EventRounds "9"]
[EventCountry "DEN"]
[WhiteTeam "Jetsmark"]
[BlackTeam "Obro"]
[WhiteTeamCountry "DEN"]
[BlackTeamCountry "DEN"]

1. d4 d5 2. c4 c6 3. Nf3 Nf6 4. e3 Bf5 5. Nc3 e6 6. Nh4 Bg6 7. Be2 Nbd7 8. Bd2
Bd6 9. g3 Qe7 10. O-O O-O 11. Nxg6 hxg6 12. Qb3 Rab8 13. Qc2 Rfe8 14. Rfd1 dxc4
15. Bxc4 e5 16. Qxg6 b5 17. Bb3 e4 18. Qf5 Nf8 19. Rdc1 g6 20. Qg5 Kg7 21. Qh4
N8h7 22. f4 exf3 23. e4 b4 24. e5 bxc3 25. exf6+ Qxf6 26. Qxf6+ Nxf6 27. Bxc3
Re2 28. Rc2 Rxb3 29. Rxe2 Rxc3 30. bxc3 fxe2 31. Kf2 Ne4+ 32. Kxe2 Nxc3+ 33.
Kd3 Nd5 34. a4 a5 35. Re1 Kf8 36. Kc4 Ne7 37. Rb1 Bb4 38. g4 Nd5 39. h3 Ke7 40.
Rh1 Kd6 41. Rh2 g5 42. h4 gxh4 43. Rxh4 f6 44. Rh3 Nb6+ 45. Kb3 Kd5 46. Rh6 Be7
47. Rh7 Ke6 48. Rh5 Nd5 49. Rh3 Bd6 50. Kc4 Nb6+ 51. Kb3 Bf4 52. Rc3 Kd6 53.
Rc5 Bd2 54. Rf5 Nd5 55. Rf3 Bg5 56. Rf5 Kc7 57. Rf1 Ne3 58. Rg1 Kd6 59. Kc3 Kd5
60. Kd3 Nc4 61. Rg2 Nb6 62. Rc2 Nxa4 63. Ra2 Nb6 64. Rxa5+ Kd6 65. Ra1 Nd5 66.
Ke4 Ne3 67. Rg1 Nc4 68. Rg2 Ke6 69. Rc2 Nd6+ 70. Kd3 Kd7 71. Rb2 Nc8 72. Ra2
Kd6 73. Ke4 Nb6 74. Ra1 Nd5 75. Ra3 Bd2 76. Rf3 Ba5 77. Rg3 Bd8 78. Rf3 Nc7 79.
Rf5 Nb5 80. Kd3 Be7 81. Rf1 Kd7 82. Rf5 Ke6 83. Rf1 Bd8 84. Rc1 Kd5 85. Rc5+
Kd6 86. Rf5 Ke6 87. Rf1 Bb6 88. d5+ Kxd5 89. Rxf6 Bd4 90. Rf5+ Be5 91. Rf8 c5
92. Rd8+ Nd6 93. g5 c4+ 94. Ke2 Ke6 95. g6 Ke7 96. Ra8 Bf6 97. Ra7+ Ke6 98. g7
Bxg7 99. Rxg7 Kd5 100. Rg4 Ne4 101. Rxe4 Kxe4 1/2-1/2

[Event "XtraCon-Skakligaen"]
[Site "Denmark"]
[Date "2015.02.15"]
[Round "7.6"]
[White "Schou Moldt, Thomas"]
[Black "Rathlev, Jakob"]
[Result "1/2-1/2"]
[WhiteElo "2228"]
[BlackElo "2238"]
[PlyCount "155"]
[EventDate "2014.10.25"]
[EventType "team-tourn"]
[EventRounds "9"]
[EventCountry "DEN"]
[WhiteTeam "Obro"]
[BlackTeam "Jetsmark"]
[WhiteTeamCountry "DEN"]
[BlackTeamCountry "DEN"]

1. e4 e6 2. d4 d5 3. Nd2 dxe4 4. Nxe4 Bd7 5. Ne2 Bc6 6. N2c3 Nf6 7. Ng3 Bd6 8.
Qd3 a6 9. Bg5 h6 10. Bd2 Nbd7 11. Nge4 Be7 12. f3 b5 13. Ne2 Nb6 14. b3 b4 15.
Nxf6+ gxf6 16. a4 f5 17. Rc1 Nd5 18. c4 bxc3 19. Nxc3 Ba3 20. Qc4 Bb7 21. Rd1
Bd6 22. Be2 Qh4+ 23. Kf1 Rg8 24. Nxd5 Bxd5 25. Qc2 Ke7 26. Be1 Qg5 27. Bc4 c6
28. Qd2 Qh5 29. Qf2 Kd7 30. Rc1 Bf4 31. Rc2 Qg5 32. Qh4 Bxc4+ 33. bxc4 Rab8 34.
Qxg5 Rxg5 35. g3 Be3 36. f4 Rgg8 37. Bf2 Bxf2 38. Kxf2 Rb4 39. Rd1 Rgb8 40. d5
Rb2 41. dxe6+ Kxe6 42. Rxb2 Rxb2+ 43. Ke3 Rc2 44. Kd3 Rxh2 45. Kc3 Rg2 46. Kb4
Rxg3 47. Kc5 Ra3 48. Kxc6 Rxa4 49. Re1+ Kf6 50. Kd5 Ra2 51. Rh1 Rd2+ 52. Kc5
Kg6 53. Rh4 Rg2 54. Rh1 Rf2 55. Rh4 a5 56. Kb5 Rc2 57. Rh3 Rf2 58. Rh4 Rc2 59.
c5 a4 60. Rh3 h5 61. c6 a3 62. Rxa3 h4 63. Ra8 Kh5 64. Rg8 h3 65. Kb6 h2 66. c7
Kh4 67. c8=Q Rxc8 68. Rxc8 Kg3 69. Rh8 Kg2 70. Rg8+ Kf3 71. Rh8 Kg2 72. Kc5
h1=Q 73. Rxh1 Kxh1 74. Kd5 Kg2 75. Ke5 Kf3 76. Kxf5 f6 77. Ke6 Kxf4 78. Kxf6
1/2-1/2

[Event "XtraCon-Skakligaen"]
[Site "Denmark"]
[Date "2015.02.15"]
[Round "7.7"]
[White "Rasmussen, Henning"]
[Black "Jorgensen, Dennis"]
[Result "0-1"]
[WhiteElo "2122"]
[BlackElo "2243"]
[PlyCount "102"]
[EventDate "2014.10.25"]
[EventType "team-tourn"]
[EventRounds "9"]
[EventCountry "DEN"]
[WhiteTeam "Jetsmark"]
[BlackTeam "Obro"]
[WhiteTeamCountry "DEN"]
[BlackTeamCountry "DEN"]

1. d4 Nf6 2. c4 e6 3. Nc3 Bb4 4. e3 O-O 5. Nge2 Re8 6. a3 Bf8 7. Ng3 b6 8. Bd3
Bb7 9. O-O d5 10. cxd5 exd5 11. b4 Nbd7 12. Rb1 a6 13. a4 g6 14. f4 Ra7 15. b5
axb5 16. Nxb5 Ra8 17. f5 c6 18. Nc3 Ba6 19. Bxa6 Rxa6 20. fxg6 hxg6 21. Rf3 Bg7
22. Qc2 Re6 23. Bd2 Nf8 24. Rbf1 Ra7 25. Nd1 N8h7 26. Nf2 Qa8 27. Rb1 Ng5 28.
Rf4 Rxa4 29. h4 Ra2 30. Rb2 Rxb2 31. Qxb2 Nge4 32. Nfxe4 dxe4 33. Qxb6 Nd5 34.
Qb2 Nxf4 35. exf4 e3 36. Bc3 Qa4 37. Qb8+ Kh7 38. f5 gxf5 39. Nxf5 Qd1+ 40. Kh2
Qg4 41. Qb1 Rg6 42. g3 Qf3 43. Be1 Qe2+ 44. Kg1 Bf8 45. h5 Qxh5 46. Nh4 Qxh4
47. Qxg6+ Kxg6 48. gxh4 Kf5 49. Ba5 Ke4 50. Kf1 f5 51. h5 f4 0-1

[Event "XtraCon-Skakligaen"]
[Site "Denmark"]
[Date "2015.02.15"]
[Round "7.8"]
[White "Simonsen, Carsten"]
[Black "Hoffmann, Tobias Breinholt"]
[Result "1/2-1/2"]
[WhiteElo "2207"]
[BlackElo "2066"]
[PlyCount "105"]
[EventDate "2014.10.25"]
[EventType "team-tourn"]
[EventRounds "9"]
[EventCountry "DEN"]
[WhiteTeam "Obro"]
[BlackTeam "Jetsmark"]
[WhiteTeamCountry "DEN"]
[BlackTeamCountry "DEN"]

1. d4 Nf6 2. c4 e6 3. Nc3 Bb4 4. e3 O-O 5. Nge2 Re8 6. a3 Bf8 7. d5 e5 8. Ng3
a5 9. Bd3 Na6 10. O-O Nc5 11. Bc2 d6 12. Bd2 g6 13. b4 Ncd7 14. Bd3 Bg7 15. Qc2
Nf8 16. e4 h6 17. c5 axb4 18. axb4 Rxa1 19. Rxa1 dxc5 20. bxc5 c6 21. Bc4 N8d7
22. Na4 Qe7 23. d6 Qf8 24. Qb3 Nh7 25. h4 Bf6 26. h5 Kg7 27. Re1 Ng5 28. Be3
Bd8 29. Nb2 f5 30. hxg6 f4 31. Nf5+ Kxg6 32. Bd2 Nxc5 33. Qc2 Nge6 34. Nd3 Nxd3
35. Qxd3 Nc5 36. Qh3 Nxe4 37. Qg4+ Kh7 38. Bd3 Bxf5 39. Bxe4 Bxe4 40. Qd7+ Kg8
41. Rxe4 Qf7 42. Qg4+ Bg5 43. Bc3 Qd5 44. d7 Rd8 45. Rxe5 Qxd7 46. Rxg5+ hxg5
47. Qxg5+ Kf8 48. Qf6+ Ke8 49. Qh8+ Kf7 50. Qh7+ Ke6 51. Qe4+ Kf7 52. Qh7+ Ke6
53. Qe4+ 1/2-1/2

[Event "XtraCon-Skakligaen"]
[Site "Denmark"]
[Date "2015.02.15"]
[Round "7.1"]
[White "Hector, Jonny"]
[Black "Andersen, Mads"]
[Result "1-0"]
[WhiteElo "2488"]
[BlackElo "2485"]
[PlyCount "69"]
[EventDate "2014.10.25"]
[EventType "team-tourn"]
[EventRounds "9"]
[EventCountry "DEN"]
[WhiteTeam "Nordkalotten"]
[BlackTeam "Skanderborg"]
[WhiteTeamCountry "DEN"]
[BlackTeamCountry "DEN"]

1. d4 d5 2. Nc3 Nf6 3. Bg5 c5 4. Bxf6 gxf6 5. e3 Nc6 6. Qh5 e6 7. Nf3 Bd7 8.
Bb5 cxd4 9. exd4 Nb4 10. O-O Bxb5 11. Nxb5 Qd7 12. a4 a6 13. Na3 Rc8 14. Ne1
Qxa4 15. c3 Nc6 16. Nd3 Nd8 17. Rfe1 Bxa3 18. Rxa3 Qc2 19. Qf3 Rg8 20. Qe3 f5
21. Rc1 f4 22. Qf3 Qd2 23. Raa1 Nc6 24. Re1 Qc2 25. Re2 Qb3 26. Qxf4 Qb5 27.
Re3 Ne7 28. Rae1 a5 29. Ne5 Rf8 30. Ng4 Ng8 31. Qd6 Qc6 32. Rxe6+ fxe6 33.
Rxe6+ Kf7 34. Ne5+ Kg7 35. Nxc6 1-0

[Event "XtraCon-Skakligaen"]
[Site "Denmark"]
[Date "2015.02.15"]
[Round "7.2"]
[White "Svane, Rasmus"]
[Black "Ahlander, Bjorn"]
[Result "1-0"]
[WhiteElo "2506"]
[BlackElo "2401"]
[PlyCount "87"]
[EventDate "2014.10.25"]
[EventType "team-tourn"]
[EventRounds "9"]
[EventCountry "DEN"]
[WhiteTeam "Skanderborg"]
[BlackTeam "Nordkalotten"]
[WhiteTeamCountry "DEN"]
[BlackTeamCountry "DEN"]

1. Nf3 f5 2. g3 Nf6 3. Bg2 g6 4. d4 Bg7 5. c4 d6 6. b3 O-O 7. Bb2 a5 8. Nc3 c6
9. O-O Ne4 10. Qc2 Nxc3 11. Bxc3 Nd7 12. e4 fxe4 13. Qxe4 Nf6 14. Qe2 a4 15.
Rae1 axb3 16. axb3 Re8 17. Ng5 Bd7 18. Ne6 Bxe6 19. Qxe6+ Kh8 20. Re3 Qd7 21.
Bh3 Qxe6 22. Bxe6 Rf8 23. Rfe1 Ra3 24. d5 cxd5 25. cxd5 Ra2 26. R1e2 Rfa8 27.
Bd4 Rxe2 28. Rxe2 Ne8 29. Be3 Nc7 30. Rc2 Nb5 31. Rc4 Bf6 32. Rb4 Ra5 33. Kg2
Nc7 34. Rxb7 Nxe6 35. dxe6 Kg7 36. b4 Ra3 37. b5 Rb3 38. b6 h5 39. Rd7 Be5 40.
Rxe7+ Kf6 41. Re8 d5 42. h4 Kg7 43. Bc5 d4 44. e7 1-0

[Event "XtraCon-Skakligaen"]
[Site "Denmark"]
[Date "2015.02.15"]
[Round "7.3"]
[White "Sylvan, Jacob"]
[Black "Pedersen, Nicolai Vesterbaek"]
[Result "1/2-1/2"]
[WhiteElo "2315"]
[BlackElo "2400"]
[PlyCount "32"]
[EventDate "2014.10.25"]
[EventType "team-tourn"]
[EventRounds "9"]
[EventCountry "DEN"]
[WhiteTeam "Nordkalotten"]
[BlackTeam "Skanderborg"]
[WhiteTeamCountry "DEN"]
[BlackTeamCountry "DEN"]

1. e4 e5 2. Nf3 Nc6 3. Nc3 Nf6 4. d4 exd4 5. Nxd4 Bb4 6. Nxc6 bxc6 7. Bd3 d5 8.
exd5 Qe7+ 9. Qe2 cxd5 10. Qxe7+ Kxe7 11. O-O c5 12. Bf4 c4 13. Be2 Bf5 14. Bf3
Bxc3 15. bxc3 Bxc2 16. Rfe1+ Be4 1/2-1/2

[Event "XtraCon-Skakligaen"]
[Site "Denmark"]
[Date "2015.02.15"]
[Round "7.4"]
[White "Pedersen, Steffen"]
[Black "Kristensen, Kaare Hove"]
[Result "1-0"]
[WhiteElo "2417"]
[BlackElo "2335"]
[PlyCount "73"]
[EventDate "2014.10.25"]
[EventType "team-tourn"]
[EventRounds "9"]
[EventCountry "DEN"]
[WhiteTeam "Skanderborg"]
[BlackTeam "Nordkalotten"]
[WhiteTeamCountry "DEN"]
[BlackTeamCountry "DEN"]

1. Nf3 c5 2. g3 Nf6 3. Bg2 Nc6 4. c4 d5 5. cxd5 Nxd5 6. O-O e5 7. Nc3 Nc7 8. d3
Be7 9. Be3 O-O 10. Rc1 Bd7 11. Nd2 Rb8 12. Nde4 Nd4 13. f4 exf4 14. gxf4 Nf5
15. Bf2 Ne6 16. e3 Bc6 17. Qe2 Qd7 18. Bh3 g6 19. Bxf5 gxf5 20. Ng3 Ng7 21. e4
fxe4 22. dxe4 Qh3 23. Nd5 Bd8 24. Bxc5 Re8 25. Qf3 h5 26. f5 h4 27. Nh5 Qxf3
28. Nhf6+ Kh8 29. Rxf3 Bxd5 30. Nxe8 Bg5 31. exd5 Bxc1 32. Nd6 Bxb2 33. f6 Nh5
34. Nxf7+ Kh7 35. Ng5+ Kg6 36. f7 Bg7 37. Ne6 1-0

[Event "XtraCon-Skakligaen"]
[Site "Denmark"]
[Date "2015.02.15"]
[Round "7.5"]
[White "Pedersen, Daniel V"]
[Black "Andersen, Jackie"]
[Result "1-0"]
[WhiteElo "2254"]
[BlackElo "2356"]
[PlyCount "65"]
[EventDate "2014.10.25"]
[EventType "team-tourn"]
[EventRounds "9"]
[EventCountry "DEN"]
[WhiteTeam "Nordkalotten"]
[BlackTeam "Skanderborg"]
[WhiteTeamCountry "DEN"]
[BlackTeamCountry "DEN"]

1. e4 g6 2. d4 Bg7 3. Nc3 d6 4. Be3 c6 5. Qd2 Nd7 6. O-O-O b5 7. f3 Nb6 8. g4
a5 9. Bd3 b4 10. Nce2 d5 11. Nf4 e5 12. dxe5 Bxe5 13. Be2 Ne7 14. Bd4 Qc7 15.
Bxe5 Qxe5 16. Nd3 Qd4 17. Qf4 O-O 18. Ne5 Qc5 19. h4 a4 20. h5 b3 21. axb3 axb3
22. c3 Ra7 23. Qh6 f6 24. hxg6 Nxg6 25. Nxg6 Rd8 26. e5 d4 27. exf6 Ra1+ 28.
Kd2 dxc3+ 29. Ke1 Raxd1+ 30. Bxd1 Rxd1+ 31. Kxd1 Qd4+ 32. Ke1 Qd2+ 33. Qxd2 1-0

[Event "XtraCon-Skakligaen"]
[Site "Denmark"]
[Date "2015.02.15"]
[Round "7.6"]
[White "Hansen, Mads"]
[Black "Jakobsen, Peter"]
[Result "1-0"]
[WhiteElo "2320"]
[BlackElo "2227"]
[PlyCount "59"]
[EventDate "2014.10.25"]
[EventType "team-tourn"]
[EventRounds "9"]
[EventCountry "DEN"]
[WhiteTeam "Skanderborg"]
[BlackTeam "Nordkalotten"]
[WhiteTeamCountry "DEN"]
[BlackTeamCountry "DEN"]

1. e4 c5 2. Nf3 d6 3. d4 cxd4 4. Nxd4 Nf6 5. Nc3 a6 6. Bg5 e6 7. f4 Qb6 8. Qd2
Qxb2 9. Rb1 Qa3 10. e5 dxe5 11. fxe5 Nfd7 12. Ne4 h6 13. Bh4 Qxa2 14. Rd1 Qd5
15. Qe3 Qxe5 16. Be2 Qa5+ 17. c3 Be7 18. Bxe7 Kxe7 19. O-O Nf6 20. Nxf6 gxf6
21. Nf5+ Kf8 22. Qd4 exf5 23. Qxf6 Nc6 24. Qxh8+ Ke7 25. Rfe1 Rb8 26. Bc4+ Be6
27. Rxe6+ fxe6 28. Qg7+ Ke8 29. Qg8+ Ke7 30. Qxe6+ 1-0

[Event "XtraCon-Skakligaen"]
[Site "Denmark"]
[Date "2015.02.15"]
[Round "7.7"]
[White "Ejsing, Esben"]
[Black "Seegert, Kristian"]
[Result "1/2-1/2"]
[WhiteElo "2190"]
[BlackElo "2200"]
[PlyCount "89"]
[EventDate "2014.10.25"]
[EventType "team-tourn"]
[EventRounds "9"]
[EventCountry "DEN"]
[WhiteTeam "Nordkalotten"]
[BlackTeam "Skanderborg"]
[WhiteTeamCountry "DEN"]
[BlackTeamCountry "DEN"]

1. e4 e5 2. Nf3 Nc6 3. Bb5 f5 4. d4 fxe4 5. Nxe5 Nxe5 6. dxe5 c6 7. Be2 Qa5+ 8.
Nc3 Qxe5 9. O-O Nf6 10. f3 Bc5+ 11. Kh1 O-O 12. Na4 Be7 13. f4 Qa5 14. c4 d5
15. Bd2 Qd8 16. Bc3 b6 17. cxd5 cxd5 18. Bb5 Bb7 19. Bd4 Rc8 20. Rc1 Qd6 21.
Nc3 Rfd8 22. a3 Qe6 23. b4 Qf7 24. g4 Ne8 25. g5 Nd6 26. Be2 Nf5 27. Bg4 Rc4
28. Ne2 Rdc8 29. Qd2 Ba6 30. Be5 Rxc1 31. Rxc1 Rxc1+ 32. Qxc1 Bc4 33. Nc3 h5
34. Nxd5 Qxd5 35. Bxf5 b5 36. Qe3 Bxg5 37. Bxe4 Qd1+ 38. Qg1 Qxg1+ 39. Kxg1 Be7
40. Bb8 a6 41. Bb7 Bf6 42. Bxa6 Bd4+ 43. Kg2 Bb2 44. Be5 Bxa3 45. Bc3 1/2-1/2

[Event "XtraCon-Skakligaen"]
[Site "Denmark"]
[Date "2015.02.15"]
[Round "7.8"]
[White "Pedersen, Jan Rode"]
[Black "Noer, Martin Stampe"]
[Result "1-0"]
[WhiteElo "2195"]
[BlackElo "1925"]
[PlyCount "99"]
[EventDate "2014.10.25"]
[EventType "team-tourn"]
[EventRounds "9"]
[EventCountry "DEN"]
[WhiteTeam "Skanderborg"]
[BlackTeam "Nordkalotten"]
[WhiteTeamCountry "DEN"]
[BlackTeamCountry "DEN"]

1. e4 c6 2. d4 d5 3. exd5 cxd5 4. c4 Nf6 5. Nc3 e6 6. Nf3 Nc6 7. Bd3 Be7 8.
cxd5 exd5 9. h3 O-O 10. O-O Re8 11. Re1 h6 12. Bf4 Be6 13. Rc1 Qb6 14. a3 Rac8
15. Qd2 Bf8 16. b4 Qd8 17. Be5 Nxe5 18. Nxe5 a5 19. Na4 Rxc1 20. Rxc1 Bd6 21.
Nc5 Re7 22. bxa5 Rc7 23. f4 Qc8 24. Rc2 Bxc5 25. dxc5 Rxc5 26. Qc1 Rxc2 27.
Qxc2 Qxc2 28. Bxc2 Kf8 29. Kf2 g6 30. g4 Ke7 31. f5 gxf5 32. gxf5 Bc8 33. Ke3
Ne8 34. Bd3 Nd6 35. Kf4 Ne8 36. h4 Kf6 37. Ng4+ Kg7 38. Ke5 h5 39. f6+ Kf8 40.
Ne3 Be6 41. a6 bxa6 42. Bxa6 d4 43. Nc2 Nc7 44. Bd3 Ke8 45. Nxd4 Bg4 46. Kd6
Ne6 47. Nxe6 Bxe6 48. a4 Kd8 49. Be2 Bg4 50. Bc4 1-0

[Event "XtraCon-Skakligaen"]
[Site "Denmark"]
[Date "2015.02.15"]
[Round "7.1"]
[White "Fries Nielsen, Niels Jorgen"]
[Black "Hoi, Carsten"]
[Result "1/2-1/2"]
[WhiteElo "2329"]
[BlackElo "2395"]
[PlyCount "21"]
[EventDate "2014.10.25"]
[EventType "team-tourn"]
[EventRounds "9"]
[EventCountry "DEN"]
[WhiteTeam "Esbjerg"]
[BlackTeam "Bronshoj"]
[WhiteTeamCountry "DEN"]
[BlackTeamCountry "DEN"]

1. e4 e6 2. d4 d5 3. exd5 exd5 4. Qe2+ Be7 5. Bg5 h6 6. Bxe7 Nxe7 7. Nd2 Nbc6
8. c3 O-O 9. Qf3 Bf5 10. Bd3 Bxd3 11. Qxd3 1/2-1/2

[Event "XtraCon-Skakligaen"]
[Site "Denmark"]
[Date "2015.02.15"]
[Round "7.2"]
[White "Bromann, Thorbjorn"]
[Black "Poulsen, Iver"]
[Result "1-0"]
[WhiteElo "2438"]
[BlackElo "2095"]
[PlyCount "51"]
[EventDate "2014.10.25"]
[EventType "team-tourn"]
[EventRounds "9"]
[EventCountry "DEN"]
[WhiteTeam "Bronshoj"]
[BlackTeam "Esbjerg"]
[WhiteTeamCountry "DEN"]
[BlackTeamCountry "DEN"]

1. d4 d5 2. Bg5 c5 3. dxc5 Qa5+ 4. Nc3 e6 5. e4 Bxc5 6. exd5 Nf6 7. Bxf6 gxf6
8. Bb5+ Bd7 9. Bxd7+ Nxd7 10. dxe6 fxe6 11. Nge2 O-O-O 12. O-O Ne5 13. Qc1 Rhg8
14. Ne4 Nf3+ 15. Kh1 Nd2 16. Nxd2 Rxd2 17. Qe1 Qb4 18. Ng3 e5 19. Qe4 Kb8 20.
c3 Qb6 21. Qxh7 Rgd8 22. b4 Bxf2 23. Ne4 R2d7 24. Qh6 f5 25. Qxb6 Bxb6 26. Rxf5
1-0

[Event "XtraCon-Skakligaen"]
[Site "Denmark"]
[Date "2015.02.15"]
[Round "7.3"]
[White "Bonnelykke, Ole"]
[Black "Carstensen, Jacob"]
[Result "0-1"]
[WhiteElo "2045"]
[BlackElo "2357"]
[PlyCount "50"]
[EventDate "2014.10.25"]
[EventType "team-tourn"]
[EventRounds "9"]
[EventCountry "DEN"]
[WhiteTeam "Esbjerg"]
[BlackTeam "Bronshoj"]
[WhiteTeamCountry "DEN"]
[BlackTeamCountry "DEN"]

1. e4 c5 2. Nc3 Nc6 3. g4 e6 4. d3 d5 5. Bg2 Nge7 6. Bg5 f6 7. Bh4 d4 8. Nce2
g5 9. Bg3 e5 10. f3 Ng6 11. Qd2 h5 12. gxh5 Rxh5 13. Bf2 Rh7 14. c3 Be6 15. Kf1
Qd7 16. c4 Bd6 17. h4 gxh4 18. Nh3 O-O-O 19. f4 exf4 20. Nexf4 Nxf4 21. Nxf4 h3
22. Bf3 Bg4 23. Be2 Bxe2+ 24. Nxe2 Qg4 25. Rg1 Qf3 0-1

[Event "XtraCon-Skakligaen"]
[Site "Denmark"]
[Date "2015.02.15"]
[Round "7.4"]
[White "Greger, Roland Reinhard"]
[Black "Hartvig, Ove Weiss"]
[Result "1-0"]
[WhiteElo "2331"]
[BlackElo "2199"]
[PlyCount "93"]
[EventDate "2014.10.25"]
[EventType "team-tourn"]
[EventRounds "9"]
[EventCountry "DEN"]
[WhiteTeam "Bronshoj"]
[BlackTeam "Esbjerg"]
[WhiteTeamCountry "DEN"]
[BlackTeamCountry "DEN"]

1. e4 c5 2. Nf3 d6 3. d4 cxd4 4. Nxd4 Nf6 5. Nc3 g6 6. Be3 Bg7 7. f3 O-O 8. Qd2
Nc6 9. O-O-O d5 10. Kb1 Nxd4 11. e5 Nf5 12. exf6 exf6 13. Bc5 d4 14. Bxf8 Qxf8
15. Nb5 Be6 16. Bd3 Ne3 17. Nxd4 Nxd1 18. Nxe6 fxe6 19. Rxd1 Qc5 20. Qe2 e5 21.
g4 Qb6 22. h4 Rf8 23. h5 f5 24. Bc4+ Kh8 25. hxg6 e4 26. c3 Qxg6 27. gxf5 Qxf5
28. fxe4 Qc5 29. Qd3 a6 30. Qd5 Qc7 31. a4 b5 32. axb5 axb5 33. Bxb5 Rb8 34.
Rd3 h6 35. Bc4 Qb6 36. b4 Qf2 37. e5 Qe1+ 38. Kc2 Rf8 39. Rd2 Qg3 40. Rg2 Qxe5
41. Qxe5 Bxe5 42. Bd5 Bf6 43. Rg6 Bg5 44. c4 Rf4 45. Kd3 Kh7 46. Re6 Bf6 47. b5
1-0

[Event "XtraCon-Skakligaen"]
[Site "Denmark"]
[Date "2015.02.15"]
[Round "7.5"]
[White "Lindestrom, Torsten"]
[Black "Holmsgaard, Henrik"]
[Result "1/2-1/2"]
[WhiteElo "2224"]
[BlackElo "2301"]
[PlyCount "27"]
[EventDate "2014.10.25"]
[EventType "team-tourn"]
[EventRounds "9"]
[EventCountry "DEN"]
[WhiteTeam "Esbjerg"]
[BlackTeam "Bronshoj"]
[WhiteTeamCountry "DEN"]
[BlackTeamCountry "DEN"]

1. f4 d5 2. Nf3 g6 3. g3 Bg7 4. Bg2 c5 5. O-O Nc6 6. d3 e6 7. e4 Nge7 8. c3 O-O
9. Qe2 b6 10. Na3 Bb7 11. Bd2 Qd7 12. e5 a5 13. Nc2 Ba6 14. Be3 1/2-1/2

[Event "XtraCon-Skakligaen"]
[Site "Denmark"]
[Date "2015.02.15"]
[Round "7.6"]
[White "Ligaard, Morten Lund"]
[Black "Maarup, Michael"]
[Result "1-0"]
[WhiteElo "2274"]
[BlackElo "2152"]
[PlyCount "123"]
[EventDate "2014.10.25"]
[EventType "team-tourn"]
[EventRounds "9"]
[EventCountry "DEN"]
[WhiteTeam "Bronshoj"]
[BlackTeam "Esbjerg"]
[WhiteTeamCountry "DEN"]
[BlackTeamCountry "DEN"]

1. Nf3 Nf6 2. c4 e6 3. g3 d5 4. Bg2 c5 5. O-O Nc6 6. b3 Be7 7. Bb2 O-O 8. e3
Qc7 9. Nc3 a6 10. Qe2 Rd8 11. d3 b6 12. Rfd1 Bb7 13. Rac1 Rd7 14. cxd5 exd5 15.
d4 Ne4 16. dxc5 Nxc3 17. Bxc3 bxc5 18. Qb2 Bf8 19. Nh4 Qd8 20. Bh3 Rd6 21. Nf5
Rg6 22. Bg2 Ne7 23. Nxe7+ Bxe7 24. Rd2 h5 25. Rcd1 h4 26. Bxd5 Qb6 27. Qc2 hxg3
28. hxg3 Rh6 29. Qe4 Bxd5 30. Rxd5 Re6 31. Re5 Rd8 32. Rxd8+ Bxd8 33. Rxe6 Qxe6
34. Qxe6 fxe6 35. Kg2 Kf7 36. Kf3 g6 37. Ke4 Ke7 38. Be5 Ba5 39. g4 Kd7 40. Kd3
Kc6 41. Kc4 Be1 42. f3 Bf2 43. e4 Bg1 44. Bf6 Be3 45. Be7 Kb7 46. Bd6 Kc6 47.
Bg3 g5 48. Be5 Kd7 49. Bg7 Kd6 50. e5+ Kc6 51. Bf6 Bf4 52. Be7 Be3 53. a4 Kb6
54. Kd3 Bf4 55. Ke4 Bg3 56. Kd3 Bf4 57. Kc4 Be3 58. Bd8+ Kc6 59. Ba5 Bd4 60.
Bd2 Bxe5 61. Bxg5 Bg7 62. Be7 1-0

[Event "XtraCon-Skakligaen"]
[Site "Denmark"]
[Date "2015.02.15"]
[Round "7.7"]
[White "Jensen, Henrik Tranberg"]
[Black "Pedersen, Peter Brondt"]
[Result "1/2-1/2"]
[WhiteElo "2057"]
[BlackElo "2173"]
[PlyCount "27"]
[EventDate "2014.10.25"]
[EventType "team-tourn"]
[EventRounds "9"]
[EventCountry "DEN"]
[WhiteTeam "Esbjerg"]
[BlackTeam "Bronshoj"]
[WhiteTeamCountry "DEN"]
[BlackTeamCountry "DEN"]

1. d4 g6 2. c4 Bg7 3. Nc3 d6 4. e4 Nd7 5. f4 e5 6. fxe5 dxe5 7. d5 Ngf6 8. Nf3
O-O 9. Bd3 h6 10. O-O a5 11. Qe1 Nh5 12. Bc2 Qe7 13. Be3 Nf4 14. Rd1 1/2-1/2

[Event "XtraCon-Skakligaen"]
[Site "Denmark"]
[Date "2015.02.15"]
[Round "7.8"]
[White "Andersen, Rune Egede"]
[Black "Husum, Lars"]
[Result "1-0"]
[WhiteElo "2107"]
[BlackElo "1892"]
[PlyCount "75"]
[EventDate "2014.10.25"]
[EventType "team-tourn"]
[EventRounds "9"]
[EventCountry "DEN"]
[WhiteTeam "Bronshoj"]
[BlackTeam "Esbjerg"]
[WhiteTeamCountry "DEN"]
[BlackTeamCountry "DEN"]

1. e4 d5 2. exd5 Nf6 3. Nf3 Nxd5 4. d4 Bf5 5. Be2 e6 6. O-O Be7 7. c4 Nf6 8.
Nc3 O-O 9. Nh4 Bg6 10. Nxg6 hxg6 11. Be3 c6 12. Qb3 Qc7 13. Rac1 Bd6 14. g3
Nbd7 15. Rfd1 Rfe8 16. c5 Bf8 17. Bc4 b5 18. cxb6 axb6 19. d5 exd5 20. Nxd5
cxd5 21. Bxd5 Nc5 22. Bxa8 Rxa8 23. Qc4 Qb7 24. a3 Qf3 25. b4 Ne6 26. Rd3 Qf5
27. Bxb6 Ng5 28. Qb3 Qh3 29. f3 Qf5 30. h4 Nh3+ 31. Kh2 Re8 32. Re3 Nf2 33.
Rxe8 Qh3+ 34. Kg1 Nxe8 35. Bxf2 Nf6 36. Rc7 Qf5 37. Qxf7+ Kh7 38. Qxf8 1-0